تراب الماس / (Record no. 27203)

MARC details
000 -الفاتح
حقل البيانات ثابتة الطول 01062cam a22002895i 4500
003 - محدد رقم الضبط
رقم الضبط EG-ScBUE
005 - وقت وتاريخ اخر تعامل مع التسجيلة
رقم الضبط 20210203123626.0
008 - عناصر البيانات ثابتة الطول - معلومات عامة
حقل البيانات ثابتة الطول 190303s2018 ua g 000 f ara d
017 ## - رقم الإيداع القانونى
رقم الإيداع القانونى 2012 / 10918
020 ## - الرقم الدولى المعيارى للكتب
الرقم الدولى المعيارى للكتاب 9789770931332
040 ## - مصدر الفهرسة
وكالة الفهرسة الأصلية EG-ScBUE
لغة الفهرسة ara
قواعد الوصف rda
وكالة النسخ EG-ScBUE
وكالة التعديل EG-ScBUE
082 04 - رقم تصنيف ديوى العشرى
رقم التصنيف 892.737
رقم المادة م ر ا
رقم الطبعة 22
100 1# - المدخل الرئيسى - إسم شخصى
الإسم الشخصى مراد، أحمد،
التواريخ المصاحبة للاسم 1978-
الدور مؤلف.
245 10 - بيان العنوان
العنوان تراب الماس /
بيان المسئوليه,etc أحمد مراد.
246 34 - العنوان الموازى
عنوان صحيح/عنوان مختصر تراب الماس :
بقية العنوان حين يصبح القتل أثرا جانبيا
250 ## - بيان الطبعة
بيان الطبعة الطبعة الثالثة والعشرون.
264 #1 - النشر، التوزيع
مكان الناشر او الموزع القاهرة :
اسم الناشر او الموزع دار الشروق،
تاريخ النشر أو التوزيع 2018.
300 ## - الوصف المادى
التعداد 446 صفحة ؛
أبعاد الوعاء 20 سم
336 ## - نوع المحتوى
Carrier Type Term نص
Content Type Code txt
source rdacontent
337 ## - نوع الوسيط
Media Type Term بدون وسيط
Media Type Code n
source rdamedia
338 ## - نوع الحامل أو الناقل
Carrier Type Term مجلد
Carrier Type Code nc
source rdacarrier
500 ## - تبصرة عامة
تبصرة عامة "تم تحويل رواية تراب الماس إلى فيلم سينمائي"-- غلاف الكتاب.
650 #7 - المدخل الاضافى بالموضوع-مصطلح موضوعى
مصطلح موضوعي أو اسم جغرافي كعنصر مدخل القصص العربية
التقسيم الفرعي الزمني قرن 21.
مصدر الرأس أو المصطلح BUEsh
651 ## - المدخل الاضافى بالموضوع - اسم جغرافى
مصدر الرأس أو المصطلح BUEsh
653 ## - مصطلح تكشيفى غير مقيد
Resource For college Arabic Literature
Arrived date list March2019
942 ## - عناصر المدخل الإضافي( كوها)
مصدر التصنيف او مخطط الترفيف Dewey Decimal Classification
Holdings
حالة التراجع حالة الفقد مصدر التصنيف او خطة الترفيف حالة تلف ليس للاعارة مجموعات كوها المكان الدائم المكان الحالي موقع الترفيف تاريخ الاكتساب Source of acquisition سعر الشراء الطبيعي تعداد مسلسل / التسلسل الزمني رقم الاستدعاء الباركود Date last seen مُعار التكلفة نوع الوعاء
    Dewey Decimal Classification     Dar Al shrok Central Library Central Library Second Floor 03/03/2019 Purchase 60.00 3307 892.737 م ر ا 000044320 15/07/2025 06/03/2025 75.00 Book - Borrowing